| 000 | 01020nam a2200265Ia 4500 | ||
|---|---|---|---|
| 001 | 22037 | ||
| 005 | 20260320113336.0 | ||
| 008 | 260320s9999||||xx |||||||||||||| ||und|| | ||
| 020 | _a9786124102882 | ||
| 041 | _aESP | ||
| 082 |
_a379.85 _bL21 |
||
| 100 |
_aLamas, Leonor, _eAUT |
||
| 245 | 0 |
_aColor rata : _breforma educativa, uniformes, escolares y distinción social en el Perú de Velasco (1972-1975) |
|
| 246 |
_a _5 _b |
||
| 250 | _aPrimera edición | ||
| 260 |
_aLima : _bUniversidad Antonio Ruiz de Montoya, _c2025 |
||
| 300 |
_a77 páginas : _bfotografías ; _c19 cm. _e |
||
| 440 |
_a(Aportes para una historia cultural del Perú contemporáneo) _n _v |
||
| 650 | _aCIS | ||
| 653 | _aEducación y Estado; Historia de la educación; Reforma educativa | ||
| 654 | _aCED | ||
| 700 |
_a _c |
||
| 856 |
_uhttps://0u21ao9nk-y-https-go-gale-com.itmsp.museknowledge.com/ps/start.do?p=IFME&u=ucsp&authCount=1&aty=ip _zVéase además: Base de datos Gale OneFile Informe Académico |
||
| 942 |
_cLIB _dJUS _fMAT _2ddc _n |
||
| 999 |
_c22037 _d22037 |
||